Analisis kesepadanan istilah-takrif dalam bahasa Melayu bidang industri petroleum /
محفوظ في:
| المؤلف الرئيسي: | |
|---|---|
| التنسيق: | أطروحة كتاب |
| اللغة: | Malay |
| منشور في: |
1997.
|
| الموضوعات: | |
| الوسوم: |
إضافة وسم
لا توجد وسوم, كن أول من يضع وسما على هذه التسجيلة!
|
| LEADER | 01119cam a2200289 a 4500 | ||
|---|---|---|---|
| 001 | u425656 | ||
| 003 | SIRSI | ||
| 008 | 940214s1997 my t 00 1 may m | ||
| 035 | |a ACF-3089 | ||
| 040 | |a UMM | ||
| 090 | |a PL5077 |b Zuba | ||
| 091 | |a Microfilm 4287 | ||
| 100 | 0 | 0 | |a Zubaidi Abas. |
| 245 | 1 | 0 | |a Analisis kesepadanan istilah-takrif dalam bahasa Melayu bidang industri petroleum / |c Zubaidi Abas. |
| 260 | |c 1997. | ||
| 300 | |a xiv, 411 leaves : |b ill. ; |c 29 cm. | ||
| 500 | |a Microfilm. Kuala Lumpur : University of Malaya Library, 1998. 1 reel : negative ; 35 mm. | ||
| 500 | |a Refer Microfilm 4285 | ||
| 502 | |a Dissertation (M.M.L.S.) -- Fakulti Bahasa dan Linguistik,Universiti Malaya, 1997. | ||
| 504 | |a Includes bibliographical references. | ||
| 650 | 0 | |a Malay language |x Terms and phrases | |
| 650 | 0 | |a Malay language |x Usage. | |
| 650 | 0 | |a Petroleum industry and trade |x Terminology | |
| 710 | 2 | 0 | |a Universiti Malaya. |b Fakulti Bahasa dan Linguistik. |
| 948 | |a 22/06/1998 |b 15/01/2003 | ||
| 596 | |a 1 | ||
| 999 | |a PL5077 ZUBA |w LC |c 1 |i A507734296 |d 13/9/2018 |e 13/9/2018 |l STACKS |m P01UTAMA |n 28 |r Y |s Y |t TESIS |u 17/10/1998 | ||
